MAC : 6è Mercat Audiovisual de Catalunya : Infomac, Granollers 2005 6è Mercat Audiovisual de Catalunya :
Descripción Física:
40 p. : il. col. ; 22 cm
MARC
| LEADER | 00000nam a2200000Ia 4500 | ||
|---|---|---|---|
| 001 | 17583 | ||
| 008 | 160829s2005 xx 000 0 cat d | ||
| 080 | |a FU-3-47 | ||
| 100 | |a Mercat Audiovisual de Catalunya (6è : 2005 : Granollers) |9 23434 | ||
| 245 | |a MAC : |b 6è Mercat Audiovisual de Catalunya : |b Infomac, Granollers 2005 | ||
| 260 | |a Barcelona : |b [s.n.], |c 2005 | ||
| 300 | |a 40 p. : |b il. col. ; |c 22 cm | ||
| 590 | |a Textos en català, castellà i anglès | ||
| 650 | |a Indústria de la televisió |x Catalunya |9 23435 | ||
| 650 | |a Televisió |x Emissores |x Catalunya |9 23436 | ||
| 901 | |a Arxiu | ||
| 942 | |n 1 | ||
| 952 | |0 0 |1 0 |4 0 |6 FU347 |7 1 |9 42704 |a Arxiu |b Arxiu |d 2016-12-01 |l 0 |o FU-3-47 |p 17583 |r 2016-12-01 00:00:00 |w 2016-12-01 |y ARXIU | ||
| 999 | |c 45210 |d 45210 | ||